[Event "Sherbrooke Perpetuelles 46-51"]
[Site "Sherbrooke CAN"]
[Date "2004.05.21"]
[Round "2"]
[White "Pilotte, Benoit"]
[Black "Laferriere, Bruno"]
[Result "1-0"]
[WhiteElo "1795"]
[BlackElo "1704"]
[PlyCount "83"]
[GameId "2160767911217449"]
[EventDate "2004.??.??"]
[EventType "swiss"]
[EventRounds "6"]
[EventCountry "CAN"]
[SourceTitle "EXT 2006"]
[Source "ChessBase"]
[SourceDate "2005.11.24"]
[SourceVersion "1"]
[SourceVersionDate "2005.11.24"]
[SourceQuality "1"]

1. e4 b6 2. d4 Bb7 3. Nc3 e6 4. Be3 d5 5. Bd3 c5 6. exd5 exd5 7. Bb5+ Bc6 8. Bxc6+ Nxc6 9. Nge2 Nf6 10. Bg5 Be7 11. Qd2 Qd7 12. O-O-O c4 13. Nf4 O-O-O 14. Rhe1 h6 15. Bxf6 Bxf6 16. Nfxd5 Bxd4 17. Ne3 Rhe8 18. Nxc4 b5 19. Rxe8 Qxe8 20. Re1 Qf8 21. Ne3 b4 22. Ncd5 f5 23. Qd3 Bxe3+ 24. Rxe3 Qc5 25. Qxf5+ Kb8 26. Qf4+ Rd6 27. Qf8+ Kb7 28. Qxg7+ Ka6 29. Nc7+ Ka5 30. Na8 Nd4 31. Re5 Ka6 32. Nc7+ Kb6 33. Na8+ Ka6 34. Nc7+ Kb6 35. c3 Qc4 36. Na8+ Ka6 37. Qe7 Ne2+ 38. Rxe2 Qd3 39. Nc7+ Kb6 40. Na8+ Ka6 41. Nc7+ Kb6 42. Qe3+ 1-0

[Event "Sherbrooke Perpetuelles 46-51"]
[Site "Sherbrooke CAN"]
[Date "2004.05.21"]
[Round "2"]
[White "Thomsen, Gunther"]
[Black "Benoit, Andre"]
[Result "0-1"]
[WhiteElo "1161"]
[BlackElo "1434"]
[PlyCount "48"]
[GameId "2160767911217450"]
[EventDate "2004.??.??"]
[EventType "swiss"]
[EventRounds "6"]
[EventCountry "CAN"]
[SourceTitle "EXT 2006"]
[Source "ChessBase"]
[SourceDate "2005.11.24"]
[SourceVersion "1"]
[SourceVersionDate "2005.11.24"]
[SourceQuality "1"]

1. g3 e5 2. e4 Bc5 3. d3 d6 4. Bg2 Nc6 5. c4 f5 6. Nc3 Nf6 7. Bg5 Bxf2+ 8. Kf1 O-O 9. Bxf6 Rxf6 10. Kxf2 fxe4+ 11. Ke1 exd3 12. Qxd3 Bf5 13. Qe2 Nd4 14. Ne4 Nxe2 15. Nxf6+ Qxf6 16. Nxe2 e4 17. Rf1 Qxb2 18. Rd1 Rf8 19. Nf4 Bg4 20. Rd2 Qc1+ 21. Kf2 Qxd2+ 22. Kg1 Qe3+ 23. Rf2 g5 24. Nd5 Qxf2+ 0-1

[Event "Sherbrooke Perpetuelles 46-51"]
[Site "Sherbrooke CAN"]
[Date "2004.05.21"]
[Round "2"]
[White "Vincent, Pascal"]
[Black "Jolin, Fernand"]
[Result "1-0"]
[WhiteElo "1261"]
[BlackElo "1294"]
[PlyCount "53"]
[GameId "2160767911217451"]
[EventDate "2004.??.??"]
[EventType "swiss"]
[EventRounds "6"]
[EventCountry "CAN"]
[SourceTitle "EXT 2006"]
[Source "ChessBase"]
[SourceDate "2005.11.24"]
[SourceVersion "1"]
[SourceVersionDate "2005.11.24"]
[SourceQuality "1"]

1. e4 Nc6 2. d4 e5 3. dxe5 Nxe5 4. Nf3 Nxf3+ 5. Qxf3 Qf6 6. Be2 Qxf3 7. Bxf3 d6 8. Nc3 c6 9. O-O Nf6 10. Re1 Be6 11. Nd5 O-O-O 12. Nxf6 gxf6 13. a4 Bg7 14. c3 Rhe8 15. Be3 c5 16. b4 b6 17. a5 bxa5 18. bxc5 dxc5 19. Bxc5 Rd7 20. Rxa5 Kb8 21. Rb1+ Kc8 22. Bxa7 Rb7 23. Rc5+ Rc7 24. Rb8+ Kd7 25. Rxc7+ Kxc7 26. Rxe8 Bd7 27. Re7 1-0

[Event "Sherbrooke Perpetuelles 46-51"]
[Site "Sherbrooke CAN"]
[Date "2004.06.04"]
[Round "3"]
[White "Benoit, Andre"]
[Black "Jolin, Fernand"]
[Result "1-0"]
[WhiteElo "1434"]
[BlackElo "1294"]
[PlyCount "59"]
[GameId "2160767911217452"]
[EventDate "2004.??.??"]
[EventType "swiss"]
[EventRounds "6"]
[EventCountry "CAN"]
[SourceTitle "EXT 2006"]
[Source "ChessBase"]
[SourceDate "2005.11.24"]
[SourceVersion "1"]
[SourceVersionDate "2005.11.24"]
[SourceQuality "1"]

1. e4 e5 2. Bc4 Nf6 3. Nc3 d6 4. f4 exf4 5. Nf3 h6 6. d4 Nc6 7. O-O Bg4 8. Bxf4 Bxf3 9. Rxf3 Be7 10. e5 dxe5 11. dxe5 Qxd1+ 12. Rxd1 Nh7 13. e6 fxe6 14. Bxe6 Nf6 15. Bxc7 Bc5+ 16. Kh1 Nd4 17. Re3 Nxe6 18. Rxe6+ Kf7 19. Ree1 Rhe8 20. Be5 Ng4 21. Rd7+ Ke6 22. Rd5 Nf2+ 23. Kg1 Nd3+ 24. Bd4+ Kf7 25. Rf1+ Kg8 26. cxd3 Bxd4+ 27. Rxd4 Re3 28. Kf2 Rae8 29. Re4 R8xe4 30. dxe4 1-0

[Event "Sherbrooke Perpetuelles 46-51"]
[Site "Sherbrooke CAN"]
[Date "2004.06.04"]
[Round "3"]
[White "Courteau, Bernard"]
[Black "Duclos, Alain"]
[Result "0-1"]
[WhiteElo "1592"]
[BlackElo "1778"]
[PlyCount "36"]
[GameId "2160767911217453"]
[EventDate "2004.??.??"]
[EventType "swiss"]
[EventRounds "6"]
[EventCountry "CAN"]
[SourceTitle "EXT 2006"]
[Source "ChessBase"]
[SourceDate "2005.11.24"]
[SourceVersion "1"]
[SourceVersionDate "2005.11.24"]
[SourceQuality "1"]

1. d4 Nf6 2. c4 g6 3. Nc3 Bg7 4. e4 d6 5. f3 O-O 6. Be3 Nc6 7. Qd2 a6 8. O-O-O Rb8 9. g4 Bxg4 10. fxg4 Nxg4 11. Be2 Nxe3 12. Qxe3 e5 13. d5 Nd4 14. Nf3 f5 15. Nxd4 exd4 16. Rxd4 Bxd4 17. Qxd4 Qh4 18. Bf3 Qf4+ 0-1

[Event "Sherbrooke Perpetuelles 46-51"]
[Site "Sherbrooke CAN"]
[Date "2004.06.04"]
[Round "3"]
[White "Laferriere, Bruno"]
[Black "Ouellet-Lahaie, Didier"]
[Result "1/2-1/2"]
[WhiteElo "1704"]
[BlackElo "1574"]
[PlyCount "106"]
[GameId "2160767911217455"]
[EventDate "2004.??.??"]
[EventType "swiss"]
[EventRounds "6"]
[EventCountry "CAN"]
[SourceTitle "EXT 2006"]
[Source "ChessBase"]
[SourceDate "2005.11.24"]
[SourceVersion "1"]
[SourceVersionDate "2005.11.24"]
[SourceQuality "1"]

1. d4 Nf6 2. c4 e6 3. Nc3 Bb4 4. Bg5 d5 5. e3 O-O 6. Nf3 h6 7. Bh4 Nbd7 8. a3 Be7 9. Qc2 c5 10. Rc1 cxd4 11. exd4 dxc4 12. Bxc4 Nb6 13. Ba2 Bd7 14. Ne5 Rc8 15. Bxf6 Bxf6 16. Bb1 Re8 17. Qh7+ Kf8 18. O-O Bc6 19. Rcd1 Bd5 20. Ne4 Bxe4 21. Bxe4 Nd5 22. Rfe1 Ke7 23. Nxf7 Kxf7 24. Bg6+ Ke7 25. Bxe8 Qxe8 26. g3 Kf7 27. f4 Rc4 28. Qe4 Qc6 29. f5 exf5 30. Qxf5 g6 31. Qf3 Rc2 32. Re2 Rxe2 33. Qxe2 Qe6 34. Qxe6+ Kxe6 35. Kf2 Ne7 36. Kf3 Kd5 37. g4 Nc6 38. Kg3 Nxd4 39. h4 Be5+ 40. Kg2 Ke4 41. Kh3 Kd5 42. Kg2 a5 43. b4 axb4 44. axb4 b5 45. Ra1 h5 46. Ra6 Nc6 47. Rb6 hxg4 48. Rxb5+ Kd6 49. Rb7 Ne7 50. Rb6+ Kc7 51. Re6 Bd6 52. Re4 Nf5 53. Rxg4 Ne3+ 1/2-1/2

[Event "Sherbrooke Perpetuelles 46-51"]
[Site "Sherbrooke CAN"]
[Date "2004.06.04"]
[Round "3"]
[White "Vincent, Pascal"]
[Black "Simoneau, Georges"]
[Result "0-1"]
[WhiteElo "1261"]
[BlackElo "1522"]
[PlyCount "70"]
[GameId "2160767911217456"]
[EventDate "2004.??.??"]
[EventType "swiss"]
[EventRounds "6"]
[EventCountry "CAN"]
[SourceTitle "EXT 2006"]
[Source "ChessBase"]
[SourceDate "2005.11.24"]
[SourceVersion "1"]
[SourceVersionDate "2005.11.24"]
[SourceQuality "1"]

1. d4 Nf6 2. c4 d5 3. cxd5 Nxd5 4. e4 Nf6 5. Nc3 e6 6. Bg5 Be7 7. Nf3 O-O 8. Bd3 c6 9. O-O Nbd7 10. Qc2 h6 11. e5 Nd5 12. Bxe7 Nxe7 13. Ne4 Nd5 14. a3 Qe7 15. Nd6 Nc7 16. Nd2 f5 17. exf6 Nxf6 18. N2e4 Nxe4 19. Nxe4 Rd8 20. Qc4 Nb5 21. Rad1 Rxd4 22. Qb3 Nc7 23. Ng3 Kh8 24. Rfe1 Qf8 25. Nh5 Nd5 26. Bg6 Rg4 27. Qd3 Bd7 28. Re4 Rxg6 29. Rf4 Nxf4 30. Nxf4 Rf6 31. Ng6+ Rxg6 32. Qxg6 Qe7 33. Rd3 Rf8 34. Qe4 Qc5 35. Qh4 Qc1+ 0-1

[Event "Sherbrooke Perpetuelles 46-51"]
[Site "Sherbrooke CAN"]
[Date "2004.06.11"]
[Round "4"]
[White "Benoit, Andre"]
[Black "Simoneau, Georges"]
[Result "0-1"]
[WhiteElo "1434"]
[BlackElo "1522"]
[PlyCount "127"]
[GameId "2160767911217458"]
[EventDate "2004.??.??"]
[EventType "swiss"]
[EventRounds "6"]
[EventCountry "CAN"]
[SourceTitle "EXT 2006"]
[Source "ChessBase"]
[SourceDate "2005.11.24"]
[SourceVersion "1"]
[SourceVersionDate "2005.11.24"]
[SourceQuality "1"]

1. e4 d6 2. Bc4 e6 3. Nc3 g6 4. d4 Bg7 5. Nf3 Ne7 6. O-O O-O 7. Bf4 a6 8. a4 b6 9. Re1 Bb7 10. Qd2 Re8 11. Bg5 Nd7 12. d5 e5 13. b4 f6 14. Bh6 g5 15. Bxg7 Kxg7 16. b5 a5 17. Ne2 Nf8 18. Ng3 Bc8 19. Rf1 Neg6 20. Be2 Nf4 21. Bd1 Bd7 22. c4 Qc8 23. Nxg5 fxg5 24. Nh5+ Kh8 25. Nxf4 gxf4 26. Bh5 Re7 27. Ra3 Rg7 28. Kh1 Qd8 29. Rg1 Qg5 30. g4 Ng6 31. Rh3 Rag8 32. f3 Ne7 33. Qd1 Rf8 34. Qe2 Ng8 35. Qf2 Nf6 36. Qe2 Rfg8 37. Qd1 Qh6 38. Qf1 Nxh5 39. Rxh5 Qxh5 40. gxh5 Rxg1+ 41. Qxg1 Rxg1+ 42. Kxg1 Bh3 43. Kf2 Kg7 44. Ke2 Kh6 45. Kf2 Kxh5 46. Kg1 Kh4 47. Kf2 Bd7 48. Kg2 Be8 49. Kg1 Kh3 50. Kh1 Bh5 51. Kg1 Bxf3 52. Kf2 Bxe4 53. Kg1 Bc2 54. Kf2 Bxa4 55. Ke2 Bb3 56. Kd3 h5 57. Kc3 a4 58. Kb4 Kxh2 59. Ka3 Kg2 60. Kb4 f3 61. Ka3 f2 62. Kb4 f1=Q 63. Ka3 Qa1+ 64. Kb4 0-1

[Event "Sherbrooke Perpetuelles 46-51"]
[Site "Sherbrooke CAN"]
[Date "2004.06.11"]
[Round "4"]
[White "Blanchette Gobeil, William"]
[Black "Jolin, Fernand"]
[Result "0-1"]
[WhiteElo "1100"]
[BlackElo "1294"]
[PlyCount "90"]
[GameId "2160767911217459"]
[EventDate "2004.??.??"]
[EventType "swiss"]
[EventRounds "6"]
[EventCountry "CAN"]
[SourceTitle "EXT 2006"]
[Source "ChessBase"]
[SourceDate "2005.11.24"]
[SourceVersion "1"]
[SourceVersionDate "2005.11.24"]
[SourceQuality "1"]

1. e4 e5 2. Nf3 d6 3. d4 exd4 4. Nxd4 Bd7 5. Qe2 Nf6 6. e5 dxe5 7. Qxe5+ Qe7 8. Qxe7+ Bxe7 9. Bf4 Nd5 10. Bg3 Nc6 11. Nxc6 Bxc6 12. c4 Nb4 13. Na3 Na6 14. O-O-O O-O 15. Be5 Bxa3 16. bxa3 Rfe8 17. Bc3 Re6 18. c5 Nxc5 19. Bb4 Ne4 20. Bc4 Rf6 21. Rhe1 Nxf2 22. Rd2 h6 23. Bc3 Rf5 24. Bd3 Nxd3+ 25. Rxd3 Bxg2 26. Rg3 Rg5 27. Rge3 Bc6 28. Re7 Rc5 29. Kc2 Kf8 30. Rxc7 Be4+ 31. Rxe4 Rxc7 32. Kb3 Rac8 33. Re3 g5 34. Bb4+ Kg8 35. Bd6 Rd7 36. Be5 Re8 37. Kb4 f6 38. a4 Rxe5 39. Rc3 a5+ 40. Kc4 Rc7+ 41. Kd4 Rxc3 42. Kxc3 Re2 43. Kb3 Rxh2 44. a3 Rh4 45. Kb2 Rxa4 0-1

[Event "Sherbrooke Perpetuelles 46-51"]
[Site "Sherbrooke CAN"]
[Date "2004.06.11"]
[Round "4"]
[White "Charbonneau, Dominic"]
[Black "Valiquette, Simon"]
[Result "0-1"]
[WhiteElo "880"]
[BlackElo "1244"]
[PlyCount "44"]
[GameId "2160767911217460"]
[EventDate "2004.??.??"]
[EventType "swiss"]
[EventRounds "6"]
[EventCountry "CAN"]
[SourceTitle "EXT 2006"]
[Source "ChessBase"]
[SourceDate "2005.11.24"]
[SourceVersion "1"]
[SourceVersionDate "2005.11.24"]
[SourceQuality "1"]

1. d4 f5 2. c3 e6 3. e3 b6 4. Nf3 Nf6 5. Ne5 Bb7 6. f3 d6 7. Nd3 Be7 8. Nf4 Qd7 9. a4 e5 10. dxe5 dxe5 11. Bb5 c6 12. Bd3 exf4 13. exf4 O-O 14. h3 Bc5 15. g4 Na6 16. gxf5 Rad8 17. Rh2 Rfe8+ 18. Re2 Qxd3 19. Rxe8+ Rxe8+ 20. Be3 Rxe3+ 21. Kf2 Rxf3+ 22. Ke1 Bf2# 0-1

[Event "Sherbrooke Perpetuelles 46-51"]
[Site "Sherbrooke CAN"]
[Date "2004.06.11"]
[Round "4"]
[White "Lemelin, Marc"]
[Black "Ouellet-Lahaie, Didier"]
[Result "1/2-1/2"]
[WhiteElo "1616"]
[BlackElo "1574"]
[PlyCount "62"]
[GameId "2160767911217463"]
[EventDate "2004.??.??"]
[EventType "swiss"]
[EventRounds "6"]
[EventCountry "CAN"]
[SourceTitle "EXT 2006"]
[Source "ChessBase"]
[SourceDate "2005.11.24"]
[SourceVersion "1"]
[SourceVersionDate "2005.11.24"]
[SourceQuality "1"]

1. d4 Nf6 2. c4 e6 3. Nc3 Bb4 4. Qc2 O-O 5. a3 Bxc3+ 6. Qxc3 Ne4 7. Qc2 f5 8. Nf3 b6 9. e3 Bb7 10. b4 c5 11. dxc5 bxc5 12. Bb2 d6 13. Bd3 Nd7 14. O-O Ndf6 15. Nd2 Qe7 16. f3 Nxd2 17. Qxd2 Rfd8 18. Qc3 d5 19. Rfe1 Rac8 20. Qb3 Ba6 21. b5 Bb7 22. Rac1 dxc4 23. Bxc4 Bd5 24. a4 Kf7 25. Bxf6 Qxf6 26. Kh1 Qe5 27. Qc3 Kf6 28. h3 Bxc4 29. Qxe5+ Kxe5 30. Rxc4 Rd3 31. Rec1 Kd5 1/2-1/2

[Event "Sherbrooke Perpetuelles 46-51"]
[Site "Sherbrooke CAN"]
[Date "2004.06.11"]
[Round "4"]
[White "Pilotte, Benoit"]
[Black "Lanzilotta Mernies, Marcelo"]
[Result "0-1"]
[WhiteElo "1795"]
[BlackElo "1857"]
[PlyCount "74"]
[GameId "2160767911217464"]
[EventDate "2004.??.??"]
[EventType "swiss"]
[EventRounds "6"]
[EventCountry "CAN"]
[SourceTitle "EXT 2006"]
[Source "ChessBase"]
[SourceDate "2005.11.24"]
[SourceVersion "1"]
[SourceVersionDate "2005.11.24"]
[SourceQuality "1"]

1. d4 Nf6 2. c4 c5 3. Nf3 cxd4 4. Nxd4 g6 5. Nc3 Bg7 6. e4 d6 7. Be2 O-O 8. h4 Nc6 9. h5 Nxd4 10. Qxd4 Nxh5 11. Qd1 Nf6 12. g4 Qa5 13. Bd2 Qe5 14. f4 Qd4 15. Bf3 Qxc4 16. Rc1 Qe6 17. f5 gxf5 18. gxf5 Qe5 19. Qe2 Bd7 20. Qg2 Bxf5 21. Ne2 Nxe4 22. Bf4 Qa5+ 23. Nc3 Nxc3 24. Rxc3 Rac8 25. Bd2 Bg6 26. Rd3 Qxa2 27. Rd5 Qb1+ 28. Ke2 Qxb2 29. Bh5 Rc2 30. Bxg6 fxg6 31. Qh3 Rxd2+ 32. Rxd2 Rf2+ 33. Kxf2 Qxd2+ 34. Kf1 Qd1+ 35. Kf2 Bd4+ 36. Kg2 Qe2+ 37. Kg3 Be5+ 0-1

[Event "Sherbrooke Perpetuelles 46-51"]
[Site "Sherbrooke CAN"]
[Date "2004.06.18"]
[Round "5"]
[White "Duclos, Alain"]
[Black "Poirier, Vincent"]
[Result "0-1"]
[WhiteElo "1778"]
[BlackElo "1507"]
[PlyCount "70"]
[GameId "2160767911217469"]
[EventDate "2004.??.??"]
[EventType "swiss"]
[EventRounds "6"]
[EventCountry "CAN"]
[SourceTitle "EXT 2006"]
[Source "ChessBase"]
[SourceDate "2005.11.24"]
[SourceVersion "1"]
[SourceVersionDate "2005.11.24"]
[SourceQuality "1"]

1. e4 c6 2. d4 d5 3. Nc3 e6 4. Bd3 Nd7 5. e5 c5 6. Be3 a6 7. f4 Qc7 8. dxc5 Bxc5 9. Bd2 Ne7 10. Qg4 Bxg1 11. Rxg1 Qb6 12. Ke2 O-O 13. Qh3 f5 14. g4 Nc5 15. Be3 Nxd3 16. Kxd3 d4 17. Bxd4 Rd8 18. Qe3 Nc6 19. Ne2 Qxb2 20. gxf5 exf5 21. e6 Nb4+ 22. Kc4 b5+ 23. Kc5 Rd5+ 24. Kb6 Rb8+ 25. Kc7 Qxc2+ 26. Kxb8 Nc6+ 27. Ka8 Nxd4 28. Nxd4 Qc7 29. Rxg7+ Kxg7 30. Nxf5+ Rxf5 31. Qd4+ Kh6 32. Qe4 Rc5 33. f5 Rc6 34. Qh4+ Kg7 35. f6+ Kh8 0-1

[Event "Sherbrooke Perpetuelles 46-51"]
[Site "Sherbrooke CAN"]
[Date "2004.06.18"]
[Round "5"]
[White "Ouellet-Lahaie, Didier"]
[Black "Belanger, Jean Sebastien"]
[Result "1-0"]
[WhiteElo "1574"]
[BlackElo "1350"]
[PlyCount "75"]
[GameId "2160767911217472"]
[EventDate "2004.??.??"]
[EventType "swiss"]
[EventRounds "6"]
[EventCountry "CAN"]
[SourceTitle "EXT 2006"]
[Source "ChessBase"]
[SourceDate "2005.11.24"]
[SourceVersion "1"]
[SourceVersionDate "2005.11.24"]
[SourceQuality "1"]

1. e4 c6 2. d4 d5 3. e5 Bf5 4. h4 h6 5. g4 Bd7 6. f4 e6 7. Nf3 c5 8. c3 Nc6 9. Be3 c4 10. Bg2 b5 11. O-O Be7 12. Qe1 Qc7 13. Qd1 b4 14. Qc2 O-O-O 15. Bd2 f6 16. cxb4 Nxb4 17. Bxb4 Bxb4 18. b3 Bb5 19. Rc1 Kb8 20. Nbd2 c3 21. a3 Be7 22. b4 g5 23. fxg5 hxg5 24. h5 Nh6 25. Bh3 Bd7 26. Qd3 f5 27. Nh2 Qb6 28. Rxc3 fxg4 29. Nxg4 Nf5 30. Nb3 Rxh5 31. Nc5 Bb5 32. Qd1 Ka8 33. a4 Bc4 34. Nf6 Rdh8 35. Nxh5 Qxb4 36. Rcc1 Nxd4 37. Rxc4 dxc4 38. Bg2+ 1-0

[Event "Sherbrooke Perpetuelles 46-51"]
[Site "Sherbrooke CAN"]
[Date "2004.06.18"]
[Round "5"]
[White "Pilotte, Benoit"]
[Black "Lopez, Jose"]
[Result "1/2-1/2"]
[WhiteElo "1795"]
[BlackElo "1769"]
[PlyCount "36"]
[GameId "2160767911217473"]
[EventDate "2004.??.??"]
[EventType "swiss"]
[EventRounds "6"]
[EventCountry "CAN"]
[SourceTitle "EXT 2006"]
[Source "ChessBase"]
[SourceDate "2005.11.24"]
[SourceVersion "1"]
[SourceVersionDate "2005.11.24"]
[SourceQuality "1"]

1. d4 d5 2. e4 dxe4 3. Nc3 Nf6 4. f3 exf3 5. Nxf3 e6 6. Bf4 Bb4 7. Bd3 Nd5 8. Bd2 Nd7 9. Nxd5 Bxd2+ 10. Qxd2 exd5 11. O-O Nf6 12. Rae1+ Be6 13. Ng5 O-O 14. Rxe6 fxe6 15. Nxe6 Qe7 16. Nxf8 Rxf8 17. Qg5 Re8 18. Qf5 Qe3+ 1/2-1/2

[Event "Sherbrooke Perpetuelles 46-51"]
[Site "Sherbrooke CAN"]
[Date "2004.06.18"]
[Round "5"]
[White "Simoneau, Georges"]
[Black "Lemelin, Marc"]
[Result "0-1"]
[WhiteElo "1522"]
[BlackElo "1616"]
[PlyCount "54"]
[GameId "2160767911217474"]
[EventDate "2004.??.??"]
[EventType "swiss"]
[EventRounds "6"]
[EventCountry "CAN"]
[SourceTitle "EXT 2006"]
[Source "ChessBase"]
[SourceDate "2005.11.24"]
[SourceVersion "1"]
[SourceVersionDate "2005.11.24"]
[SourceQuality "1"]

1. d4 d5 2. c4 c6 3. Nc3 Nf6 4. Nf3 Bf5 5. e3 e6 6. a3 Nbd7 7. Be2 Bd6 8. O-O O-O 9. c5 Bc7 10. b4 e5 11. dxe5 Nxe5 12. Nd4 Bd7 13. h3 g5 14. f4 gxf4 15. exf4 Ng6 16. Qc2 Ne4 17. Nxe4 dxe4 18. f5 Qf6 19. fxg6 Qxd4+ 20. Kh1 hxg6 21. Bf4 Bxf4 22. Rad1 Qe3 23. Rxd7 Qg3 24. Rxf4 Qxf4 25. Bc4 a5 26. Re7 axb4 27. Rxe4 Qf5 0-1

[Event "Sherbrooke Perpetuelles 46-51"]
[Site "Sherbrooke CAN"]
[Date "2004.06.19"]
[Round "5"]
[White "Germain, Benoit"]
[Black "Bouffard Seminaro, Marc Antoine"]
[Result "1-0"]
[WhiteElo "1348"]
[BlackElo "1146"]
[PlyCount "81"]
[GameId "2160767911217476"]
[EventDate "2004.??.??"]
[EventType "swiss"]
[EventRounds "6"]
[EventCountry "CAN"]
[SourceTitle "EXT 2006"]
[Source "ChessBase"]
[SourceDate "2005.11.24"]
[SourceVersion "1"]
[SourceVersionDate "2005.11.24"]
[SourceQuality "1"]

1. e4 e5 2. Nf3 Nc6 3. Bc4 Nf6 4. Ng5 Qe7 5. Bxf7+ Kd8 6. Bc4 Qc5 7. d3 Be7 8. Nf7+ Ke8 9. Nxh8 Na5 10. Bf7+ Kf8 11. c3 Nc6 12. b4 Qb6 13. Be3 Nd4 14. a4 d6 15. a5 Qc6 16. cxd4 exd4 17. Bxd4 Qb5 18. Qb3 b6 19. Bh5 Qxh5 20. Nc3 Bd7 21. axb6 cxb6 22. Bxb6 Rb8 23. Bxa7 Ra8 24. b5 d5 25. b6 Bc8 26. b7 Bxb7 27. Qxb7 Rd8 28. Bb6 Re8 29. Ra8 Rxa8 30. Qxa8+ Ne8 31. Qxd5 Qxd5 32. Nxd5 Bg5 33. f4 Bh6 34. g4 g6 35. Bc5+ Kg8 36. Bd4 Kf8 37. Ke2 Kg8 38. Rb1 Bf8 39. Rb8 Ng7 40. Ne7+ Kxh8 41. Rxf8# 1-0

[Event "Sherbrooke Perpetuelles 46-51"]
[Site "Sherbrooke CAN"]
[Date "2004.06.25"]
[Round "6"]
[White "Courteau, Bernard"]
[Black "Ouellet-Lahaie, Didier"]
[Result "1-0"]
[WhiteElo "1592"]
[BlackElo "1574"]
[PlyCount "43"]
[GameId "2160767911217478"]
[EventDate "2004.??.??"]
[EventType "swiss"]
[EventRounds "6"]
[EventCountry "CAN"]
[SourceTitle "EXT 2006"]
[Source "ChessBase"]
[SourceDate "2005.11.24"]
[SourceVersion "1"]
[SourceVersionDate "2005.11.24"]
[SourceQuality "1"]

1. d4 Nf6 2. c4 e6 3. Nc3 Bb4 4. Qc2 O-O 5. Nf3 b6 6. e4 Bb7 7. Bd3 Ne8 8. Be3 d6 9. O-O-O Nd7 10. e5 f5 11. Ne2 dxe5 12. Nxe5 Nxe5 13. dxe5 Qe7 14. h4 c6 15. g4 Bc5 16. Bg5 Qc7 17. Nf4 Bc8 18. Rhe1 h6 19. Bd8 Qxd8 20. Bxf5 Qxh4 21. Bh7+ Kh8 22. Ng6+ 1-0

[Event "Sherbrooke Perpetuelles 46-51"]
[Site "Sherbrooke CAN"]
[Date "2004.06.25"]
[Round "6"]
[White "Germain, Benoit"]
[Black "Simoneau, Georges"]
[Result "1-0"]
[WhiteElo "1348"]
[BlackElo "1522"]
[PlyCount "63"]
[GameId "2160767911217480"]
[EventDate "2004.??.??"]
[EventType "swiss"]
[EventRounds "6"]
[EventCountry "CAN"]
[SourceTitle "EXT 2006"]
[Source "ChessBase"]
[SourceDate "2005.11.24"]
[SourceVersion "1"]
[SourceVersionDate "2005.11.24"]
[SourceQuality "1"]

1. e4 d6 2. d4 g6 3. Nf3 Bg7 4. Nc3 c6 5. Bc4 Nf6 6. a4 O-O 7. O-O Bg4 8. h3 Bd7 9. e5 Ne8 10. Re1 d5 11. Bd3 Nc7 12. Ne2 f6 13. exf6 exf6 14. Nf4 Be8 15. c3 Bf7 16. Qc2 Nd7 17. Nxg6 Bxg6 18. Bxg6 hxg6 19. Qxg6 Rf7 20. Nh4 Nf8 21. Qg3 Nce6 22. Nf5 Rd7 23. Bh6 Kh8 24. Qh4 Bxh6 25. Nxh6 Kg7 26. Nf5+ Kg8 27. Re3 Rh7 28. Qg4+ Kf7 29. Rg3 Ke8 30. Re1 Kd7 31. Qg8 Rc8 32. Rxe6 1-0

[Event "Sherbrooke Perpetuelles 46-51"]
[Site "Sherbrooke CAN"]
[Date "2004.06.25"]
[Round "6"]
[White "Lemelin, Marc"]
[Black "Benoit, Andre"]
[Result "1-0"]
[WhiteElo "1616"]
[BlackElo "1434"]
[PlyCount "63"]
[GameId "2160767911217482"]
[EventDate "2004.??.??"]
[EventType "swiss"]
[EventRounds "6"]
[EventCountry "CAN"]
[SourceTitle "EXT 2006"]
[Source "ChessBase"]
[SourceDate "2005.11.24"]
[SourceVersion "1"]
[SourceVersionDate "2005.11.24"]
[SourceQuality "1"]

1. d4 d5 2. c4 dxc4 3. e4 f5 4. Bxc4 fxe4 5. f3 e5 6. Qb3 Qf6 7. Bxg8 Rxg8 8. Qxg8 Be6 9. Qxh7 Bf5 10. Qh5+ g6 11. Qg5 Nd7 12. Qxf6 Nxf6 13. dxe5 Nd5 14. a3 O-O-O 15. fxe4 Bxe4 16. Nf3 Bc5 17. Nc3 Bc2 18. Bg5 Nxc3 19. Bxd8 Ne4 20. Bh4 Be3 21. Ke2 Bb6 22. e6 Nc5 23. e7 Bd3+ 24. Kd2 Kd7 25. Ne5+ Ke8 26. Nxd3 Ne4+ 27. Kc2 g5 28. Rhe1 Nc5 29. Nxc5 gxh4 30. Rad1 Bxc5 31. Rd8+ Kf7 32. e8=Q+ 1-0

[Event "Sherbrooke Perpetuelles 7-12"]
[Site "Sherbrooke CAN"]
[Date "2004.11.05"]
[Round "1"]
[White "Belzil, Julien"]
[Black "Benoit, Andre"]
[Result "1-0"]
[WhiteElo "1337"]
[BlackElo "1413"]
[PlyCount "77"]
[GameId "2160767911217483"]
[EventDate "2004.??.??"]
[EventType "swiss"]
[EventRounds "6"]
[EventCountry "CAN"]
[SourceTitle "EXT 2006"]
[Source "ChessBase"]
[SourceDate "2005.11.24"]
[SourceVersion "1"]
[SourceVersionDate "2005.11.24"]
[SourceQuality "1"]

1. c4 e5 2. e4 Bc5 3. Nc3 Nf6 4. h3 d6 5. d3 Nc6 6. Bg5 Be6 7. Nf3 h6 8. Bh4 g5 9. Bg3 Qd7 10. a3 h5 11. Nxg5 O-O-O 12. Qf3 Rh6 13. Qd1 h4 14. Bh2 Rg8 15. Qd2 Rgg6 16. Nf3 a6 17. b4 Nd4 18. Nxd4 Bxd4 19. Rb1 Nh5 20. b5 a5 21. Ne2 b6 22. Nxd4 exd4 23. Be2 Rh7 24. Bf3 f5 25. Qe2 Nf6 26. e5 dxe5 27. Bxe5 Re7 28. O-O f4 29. Ba8 Bxh3 30. Kh1 Qf5 31. Rbe1 Ng4 32. Qf3 Nxe5 33. Qxh3 Qxh3+ 34. gxh3 Kb8 35. Be4 Rg5 36. Bd5 Reg7 37. Re4 Nxd3 38. Re8+ Ka7 39. Ra8# 1-0

[Event "Sherbrooke Perpetuelles 7-12"]
[Site "Sherbrooke CAN"]
[Date "2004.11.05"]
[Round "1"]
[White "Galindo, Gabriel"]
[Black "Lafleur, Sebastien"]
[Result "1-0"]
[WhiteElo "1045"]
[BlackElo "1116"]
[PlyCount "43"]
[GameId "2160767911217484"]
[EventDate "2004.??.??"]
[EventType "swiss"]
[EventRounds "6"]
[EventCountry "CAN"]
[SourceTitle "EXT 2006"]
[Source "ChessBase"]
[SourceDate "2005.11.24"]
[SourceVersion "1"]
[SourceVersionDate "2005.11.24"]
[SourceQuality "1"]

1. e4 e6 2. Nc3 d5 3. Nf3 Bb4 4. d4 Bxc3+ 5. bxc3 dxe4 6. Ne5 Nd7 7. Bb5 c6 8. Ba4 Nxe5 9. dxe5 Bd7 10. O-O Qa5 11. Qg4 Qxe5 12. Rb1 Ne7 13. Bb2 Nf5 14. Rfd1 Rd8 15. c4 Qc7 16. Qxe4 O-O 17. c5 b5 18. Bb3 a5 19. c4 a4 20. Bc2 Rfe8 21. g4 Ne7 22. Qxh7+ 1-0